[Event "TCh-FRA Top 16 GpA 2023"]
[Site "Chartres FRA"]
[Date "2023.06.04"]
[Round "4.2"]
[Board "8"]
[White "Alexieva, Silvia"]
[Black "Aflalo, Sophie"]
[Result "1/2-1/2"]
[WhiteTitle "IM"]
[WhiteElo "2213"]
[BlackElo "2120"]
[WhiteTeam "Echiquier Chalonnais"]
[BlackTeam "Tremblay en France"]
[WhiteFideId "2902265"]
[BlackFideId "656887"]
[EventDate "2023.06.01"]

1. Nf3 c5 2. c4 Nc6 3. g3 e5 4. Nc3 Be7 5. Bg2 f5 6. d3 Nf6 7. Bg5 O-O 8. Nd2 d6
9. a3 Be6 10. Rb1 f4 11. Bxf6 Bxf6 12. b4 cxb4 13. axb4 Qd7 14. Nd5 Bh3 15. Be4
Bd8 16. Nf3 a5 17. b5 Nb4 18. gxf4 exf4 19. Rg1 Nxd5 20. Bxd5+ Kh8 21. Ng5 a4
22. Nxh3 Qxh3 23. Bg2 Qxh2 24. Kf1 f3 25. Bxf3 Bh4 26. Rg2 Qh1+ 27. Rg1 Qh3+ 28.
Rg2 a3 29. Kg1 a2 30. Ra1 Bf6 31. d4 Ra3 32. Qd2 b6 33. Rxa2 Rxa2 34. Qxa2 Bxd4
35. Qa7 Qf5 36. Rg4 Bxf2+ 37. Kg2 g6 38. Qa1+ Kg8 39. Bd5+ Rf7 40. Bxf7+ Kxf7
41. Qa7+ Ke6 42. Qxh7 Qxg4+ 43. Kxf2 Qf4+ 44. Kg2 Qe4+ 45. Kf2 Qd4+ 46. Kg2 Qg4+
47. Kf2 Qf5+ 48. Kg2 Qg5+ 49. Kf2 Qf6+ 50. Kg2 Ke5 51. Qc7 Qg5+ 52. Kf2 Qf4+ 53.
Kg2 Qe4+ 54. Kf2 Qd4+ 55. Kf3 Qf4+ 56. Kg2 Qe3 57. Kf1 g5 58. Qg7+ Ke4 59. Qb7+
Kf4 60. Qd5 Qc5 61. Qd3 Qf5 62. Qxd6+ Ke3+ 63. Kg2 Kxe2 64. Qxb6 Qf3+ 65. Kh2 g4
66. Qg6 Qh3+ 67. Kg1 Qf1+ 68. Kh2 Qf2+ 69. Kh1 Qf3+ 70. Kg1 Qg3+ 71. Kh1 Qf3+
72. Kg1 Qe3+ 73. Kg2 Qh3+ 74. Kg1 Qf1+ 75. Kh2 Qf4+ 76. Kg2 Qf2+ 77. Kh1 Qf1+ 1/2-1/2

[Event "TCh-FRA Top 16 GpA 2023"]
[Site "Chartres FRA"]
[Date "2023.06.04"]
[Round "4.3"]
[Board "1"]
[White "Fressinet, Laurent"]
[Black "Fedoseev, Vladimir3"]
[Result "1/2-1/2"]
[WhiteTitle "GM"]
[BlackTitle "GM"]
[WhiteElo "2632"]
[BlackElo "2676"]
[WhiteTeam "Bischwiller"]
[BlackTeam "Cappelle la Grande"]
[WhiteFideId "608742"]
[BlackFideId "24130737"]
[EventDate "2023.06.01"]

1. d4 d5 2. Nf3 Nf6 3. c4 e6 4. Nc3 Nbd7 5. Bg5 h6 6. Bh4 Be7 7. e3 O-O 8. Qc2
c6 9. a3 Ne8 10. Bxe7 Qxe7 11. Bd3 dxc4 1/2-1/2

[Event "TCh-FRA Top 16 GpA 2023"]
[Site "Chartres FRA"]
[Date "2023.06.04"]
[Round "4.3"]
[Board "3"]
[White "Bacrot, Etienne"]
[Black "Nikolov, Momchil"]
[Result "1/2-1/2"]
[WhiteTitle "GM"]
[BlackTitle "GM"]
[WhiteElo "2672"]
[BlackElo "2506"]
[WhiteTeam "Bischwiller"]
[BlackTeam "Cappelle la Grande"]
[WhiteFideId "605506"]
[BlackFideId "2905710"]
[EventDate "2023.06.01"]

1. e4 e5 2. Nf3 Nf6 3. Nxe5 d6 4. Nf3 Nxe4 5. d4 d5 6. Bd3 Nc6 7. O-O Be7 8.
Nbd2 Nxd2 9. Bxd2 Bg4 10. c3 O-O 11. h3 Bh5 12. g3 Qd7 13. Kg2 Bg6 14. Bf4 Bd6
15. Bxg6 fxg6 16. Bxd6 Qxd6 17. Qd3 h6 18. h4 Rae8 19. Rae1 a6 20. Ng1 Nd8 21.
Nh3 Nf7 22. Nf4 Nh8 23. Qf3 c6 24. Qg4 b6 25. Re2 Rxe2 26. Qxe2 b5 27. Re1 g5
28. hxg5 hxg5 29. Nd3 Nf7 30. Qe6 a5 31. Qf5 Qf6 32. Qxf6 gxf6 33. Nc5 Rc8 34.
Re6 Kg7 35. Nb7 a4 36. Re7 Rf8 37. Rc7 Kg6 38. Rxc6 Re8 39. Nc5 Re2 40. Nd3 Rd2
41. Kf3 Nh6 42. Nb4 Rxb2 43. g4 Ng8 44. Rc5 Ne7 45. Rc7 Ng8 46. Rb7 f5 47. Rb6+
Kg7 48. Nxd5 fxg4+ 49. Kg3 Rxa2 50. Rxb5 Nh6 51. Nb4 Ra1 52. Rxg5+ Kf6 53. Ra5
Kg6 54. Kf4 a3 55. Ke4 Rf1 56. Nd3 Ra1 57. Kd5 Nf5 58. Kc4 Nd6+ 59. Kd5 Nf5 60.
Ra8 Kg5 61. Rg8+ Kf6 62. Rxg4 Rf1 63. Nb4 a2 64. Nxa2 Rxf2 65. Rg1 1/2-1/2

[Event "TCh-FRA Top 16 GpA 2023"]
[Site "Chartres FRA"]
[Date "2023.06.04"]
[Round "4.3"]
[Board "4"]
[White "Enchev, Ivajlo"]
[Black "Maze, Sebastien"]
[Result "1/2-1/2"]
[WhiteTitle "GM"]
[BlackTitle "GM"]
[WhiteElo "2437"]
[BlackElo "2539"]
[WhiteTeam "Cappelle la Grande"]
[BlackTeam "Bischwiller"]
[WhiteFideId "2907712"]
[BlackFideId "613762"]
[EventDate "2023.06.01"]

1. d4 d5 2. c4 dxc4 3. Nf3 Nf6 4. e3 e6 5. Bxc4 a6 6. O-O c5 7. dxc5 Bxc5 8.
Qxd8+ Kxd8 9. Rd1+ Ke7 10. b3 Nbd7 11. Bb2 b6 12. Nbd2 Bb7 1/2-1/2

[Event "TCh-FRA Top 16 GpA 2023"]
[Site "Chartres FRA"]
[Date "2023.06.04"]
[Round "4.3"]
[Board "5"]
[White "Rodshtein, Maxim"]
[Black "Jossien, Remy"]
[Result "1-0"]
[WhiteTitle "GM"]
[WhiteElo "2604"]
[BlackElo "2231"]
[WhiteTeam "Bischwiller"]
[BlackTeam "Cappelle la Grande"]
[WhiteFideId "2806851"]
[BlackFideId "620238"]
[EventDate "2023.06.01"]

1. d4 d5 2. c4 e6 3. Nc3 Nf6 4. cxd5 exd5 5. Bg5 Be7 6. e3 O-O 7. Bd3 Nbd7 8.
Nge2 Re8 9. O-O Nf8 10. Qc2 c6 11. Rae1 Bg4 12. Nc1 Ne4 13. Bxe7 Qxe7 14. f3
Nxc3 15. bxc3 Bh5 16. e4 Bg6 17. e5 c5 18. f4 Bxd3 19. Nxd3 cxd4 20. cxd4 Rac8
21. Qb2 Rc4 22. f5 Qc7 23. Nf4 Qd7 24. Nh5 Rec8 25. Qf2 Qd8 26. Qg3 g6 27. e6
fxe6 28. fxe6 R4c7 29. Nf6+ Kh8 30. Qe5 1-0

[Event "TCh-FRA Top 16 GpA 2023"]
[Site "Chartres FRA"]
[Date "2023.06.04"]
[Round "4.3"]
[Board "6"]
[White "Maugenest, Ghislain"]
[Black "Le Roux, Jean-Pierre"]
[Result "0-1"]
[BlackTitle "GM"]
[WhiteElo "2212"]
[BlackElo "2509"]
[WhiteTeam "Cappelle la Grande"]
[BlackTeam "Bischwiller"]
[WhiteFideId "36029483"]
[BlackFideId "609404"]
[EventDate "2023.06.01"]

1. d4 d6 2. c4 e5 3. Nc3 exd4 4. Qxd4 Nc6 5. Qd2 Nf6 6. g3 Be6 7. Nd5 Ne5 8. b3
Ne4 9. Qe3 f5 10. f3 Nc5 11. b4 Nxc4 12. Qd4 Na6 13. Qxc4 c6 14. e4 cxd5 15.
exd5 Bd7 16. Nh3 Be7 17. Qb3 O-O 18. Be3 Rc8 19. Bxa6 Bf6 20. Rc1 Rxc1+ 21. Bxc1
bxa6 22. Be3 Re8 23. Kf2 g5 24. f4 h6 25. Rc1 Qe7 26. Re1 Qe4 27. Qb1 Bc3 0-1

[Event "TCh-FRA Top 16 GpA 2023"]
[Site "Chartres FRA"]
[Date "2023.06.04"]
[Round "4.3"]
[Board "7"]
[White "Bellahcene, Bilel"]
[Black "Jossien, Arnaud"]
[Result "1-0"]
[WhiteTitle "GM"]
[BlackTitle "FM"]
[WhiteElo "2497"]
[BlackElo "2268"]
[WhiteTeam "Bischwiller"]
[BlackTeam "Cappelle la Grande"]
[WhiteFideId "696358"]
[BlackFideId "605948"]
[EventDate "2023.06.01"]

1. d4 g6 2. e4 Bg7 3. Nc3 d6 4. f4 a6 5. Nf3 b5 6. Bd3 Nd7 7. e5 c5 8. Be4 Rb8
9. Be3 Bb7 10. Bxb7 Rxb7 11. dxc5 Nxc5 12. Qd5 Rc7 13. O-O-O Nb7 14. Bb6 Nh6 15.
Bxc7 Qxc7 16. exd6 Nxd6 17. Qa8+ Qc8 18. Qxc8+ Nxc8 19. Nd5 O-O 20. Rhe1 e6 21.
Nc7 Nb6 22. Nxa6 Nd5 23. Rxd5 exd5 24. Nc7 d4 25. Nxb5 Nf5 26. Re4 Rd8 27. g3
Rd5 28. a4 h6 29. Kd2 g5 30. Kd3 g4 31. Re8+ Kh7 32. Ne5 h5 33. Nxf7 h4 34. Ng5+
Kg6 35. Ne4 Kf7 36. Rb8 Ne3 37. a5 Nd1 38. Nbd6+ Kg6 39. Nc4 Ne3 40. a6 Nxc4 41.
Kxc4 Ra5 42. Rb6+ Kf7 43. gxh4 1-0

[Event "TCh-FRA Top 16 GpA 2023"]
[Site "Chartres FRA"]
[Date "2023.06.04"]
[Round "4.3"]
[Board "8"]
[White "Fevrier, Edwige"]
[Black "Maisuradze, Nino"]
[Result "0-1"]
[BlackTitle "WGM"]
[WhiteElo "1821"]
[BlackElo "2276"]
[WhiteTeam "Cappelle la Grande"]
[BlackTeam "Bischwiller"]
[WhiteFideId "699560"]
[BlackFideId "13601717"]
[EventDate "2023.06.01"]

1. e4 c5 2. Nf3 a6 3. d4 cxd4 4. Nxd4 Nf6 5. Nc3 e5 6. Nf3 Bb4 7. Bd2 O-O 8. Nd5
Bxd2+ 9. Nxd2 Nxd5 10. exd5 d6 11. Bd3 f5 12. c4 Nd7 13. O-O Qg5 14. Nf3 Qh6 15.
Be2 Rf6 16. Qd2 f4 17. b4 e4 18. Ne1 Qh4 19. f3 e3 20. Qc2 Rh6 21. h3 Qg3 22.
Kh1 Ne5 0-1

[Event "TCh-FRA Top 16 GpA 2023"]
[Site "Chartres FRA"]
[Date "2023.06.04"]
[Round "4.4"]
[Board "1"]
[White "Sanikidze, Tornike"]
[Black "Donchenko, Alexander"]
[Result "0-1"]
[WhiteTitle "GM"]
[BlackTitle "GM"]
[WhiteElo "2491"]
[BlackElo "2667"]
[WhiteTeam "C.E.Strasbourg"]
[BlackTeam "Vandoeuvre Echecs"]
[WhiteFideId "13602608"]
[BlackFideId "24603295"]
[EventDate "2023.06.01"]

1. d4 Nf6 2. c4 g6 3. Nc3 Bg7 4. e4 d6 5. Be2 O-O 6. Be3 Nc6 7. d5 Ne5 8. f4
Neg4 9. Bd2 Nh6 10. Nf3 c6 11. a4 e6 12. dxe6 Bxe6 13. O-O Nd7 14. Ng5 a5 15. f5
gxf5 16. Nxe6 fxe6 17. Bxh6 Bxh6 18. Qxd6 Qe8 19. exf5 Be3+ 20. Kh1 exf5 21.
Rae1 f4 22. Bh5 Qxh5 23. Qxd7 Qg6 24. Nd1 Rf7 25. Qh3 Bd4 26. Re6 Qc2 27. Rfe1
Raf8 28. Nc3 Qxb2 29. Ne4 f3 30. gxf3 Rxf3 31. Ng3 R3f7 32. Re8 Qc3 33. Qg4+ Kh8
34. Kg2 Qxc4 35. Kh3 Qd5 36. R1e7 c5 37. Qh4 Bg7 38. Rxf7 Qxf7 39. Re7 Qd5 40.
Qg4 Qd4 41. Rxb7 Qxg4+ 42. Kxg4 Rc8 43. Ne4 Kg8 44. Rb5 c4 45. Rxa5 Bf8 46. Ra7
Kh8 47. Rf7 Bg7 48. Rf5 Bd4 49. Nd6 Rg8+ 50. Kf3 c3 51. Rf7 Be5 52. Rd7 Rf8+ 53.
Ke2 c2 54. Rc7 Bxd6 55. Rxc2 Bxh2 56. a5 Ra8 57. Kd3 Bg3 58. Ra2 h5 59. a6 Ra7
60. Ke4 Kh7 61. Kf3 Bd6 62. Kg2 Kh6 63. Ra5 Bc7 64. Rc5 Bd8 65. Rd5 Bf6 66. Ra5
Bd4 67. Rd5 Rg7+ 68. Kh3 Bf2 69. Rd6+ Kg5 70. Rd5+ Kg6 71. Rd6+ Kh7 72. Rd2 Rf7
73. Rd5 Kg6 74. Rd6+ Kg7 75. Rd5 Kg6 76. Rd6+ Kf5 77. Rd5+ Ke4 78. Rxh5 Kf3 79.
Kh2 Bg3+ 80. Kh3 Bf2 81. Kh2 Be3 82. Rh3+ Kf2 83. Kh1 Bf4 84. Rh4 Kf3 85. Rh3+
Bg3 86. Rh8 Rd7 87. Rf8+ Bf4 88. Rg8 Rh7+ 0-1

[Event "TCh-FRA Top 16 GpA 2023"]
[Site "Chartres FRA"]
[Date "2023.06.04"]
[Round "4.4"]
[Board "4"]
[White "Brunner, Nicolas"]
[Black "Sharif, Mehrshad"]
[Result "1-0"]
[WhiteTitle "IM"]
[BlackTitle "IM"]
[WhiteElo "2424"]
[BlackElo "2330"]
[WhiteTeam "Vandoeuvre Echecs"]
[BlackTeam "C.E.Strasbourg"]
[WhiteFideId "620246"]
[BlackFideId "600121"]
[EventDate "2023.06.01"]

1. d4 e6 2. c4 d5 3. Nf3 Nf6 4. Nc3 Bb4 5. Qa4+ Nc6 6. e3 O-O 7. Qc2 Re8 8. Bd2
Bf8 9. a3 e5 10. dxe5 Nxe5 11. cxd5 Nxf3+ 12. gxf3 Nxd5 13. h4 Nxc3 14. Bxc3 Qd5
15. Be2 Be6 16. Rg1 c5 17. Rd1 Qf5 18. Qxf5 Bxf5 19. Rd5 Bb1 20. Rd7 Ba2 21.
Rxb7 Red8 22. e4 Be6 23. h5 h6 24. f4 Rd7 25. Rxd7 Bxd7 26. f5 Kh7 27. f6 g6 28.
Bc4 gxh5 29. Bxf7 Be8 30. Bg8+ 1-0

[Event "TCh-FRA Top 16 GpA 2023"]
[Site "Chartres FRA"]
[Date "2023.06.04"]
[Round "4.4"]
[Board "5"]
[White "Vitoux, Colomban"]
[Black "Decuigniere, Tom"]
[Result "1-0"]
[WhiteTitle "IM"]
[BlackTitle "FM"]
[WhiteElo "2371"]
[BlackElo "2375"]
[WhiteTeam "C.E.Strasbourg"]
[BlackTeam "Vandoeuvre Echecs"]
[WhiteFideId "628549"]
[BlackFideId "26093820"]
[EventDate "2023.06.01"]

1. e4 c6 2. Nc3 d5 3. Nf3 dxe4 4. Nxe4 Nf6 5. Qe2 Nxe4 6. Qxe4 Nd7 7. Bc4 Nf6 8.
Ne5 e6 9. Qe2 b5 10. Bb3 Qc7 11. d4 Bd6 12. O-O a5 13. c3 O-O 14. Re1 Bb7 15.
Bc2 Rae8 16. Qd3 g6 17. Bh6 Rd8 18. Bxf8 Bxf8 19. Qf3 Bg7 20. Qe2 Nd5 21. Nd3 b4
22. Qd2 Qd6 23. Nc5 Bc8 24. Rad1 Qb8 25. Bb3 Qb6 26. g3 e5 27. Na4 Qc7 28. dxe5
Bg4 29. c4 Bxd1 30. Rxd1 Qxe5 31. cxd5 cxd5 32. Bxd5 Bf6 33. Nb6 Bg5 34. f4 Qc7
35. fxg5 1-0

[Event "TCh-FRA Top 16 GpA 2023"]
[Site "Chartres FRA"]
[Date "2023.06.04"]
[Round "4.4"]
[Board "6"]
[White "Nezar, Mustapha"]
[Black "Roos, Louis"]
[Result "1-0"]
[WhiteTitle "IM"]
[BlackTitle "IM"]
[WhiteElo "2356"]
[BlackElo "2254"]
[WhiteTeam "Vandoeuvre Echecs"]
[BlackTeam "C.E.Strasbourg"]
[WhiteFideId "608637"]
[BlackFideId "600288"]
[EventDate "2023.06.01"]

1. e4 d6 2. d4 Nf6 3. f3 c6 4. c4 e5 5. d5 Be7 6. Nc3 O-O 7. Be3 a6 8. Bd3 b5 9.
cxb5 cxb5 10. Nge2 Nbd7 11. O-O Ne8 12. b4 Bg5 13. Bf2 Nb6 14. a4 bxa4 15. Nxa4
Nxa4 16. Rxa4 Nc7 17. Nc3 Bd7 18. Ra5 Qb8 19. Qb3 Rc8 20. Na4 Bxa4 21. Rxa4 Nb5
22. Rfa1 Rc3 23. Qd1 g6 24. Qf1 Nc7 25. Be1 Qb6+ 26. Kh1 Rc1 27. Rxc1 Bxc1 28.
Qe2 Be3 29. g3 Bd4 30. Kg2 Qb7 31. Qc2 Rb8 32. Qa2 Ra8 33. Qc4 Rb8 34. Ra2 Nb5
35. Qc6 Qxc6 36. dxc6 Nc7 37. Bxa6 Ra8 38. Bc4 Rxa2+ 39. Bxa2 Kf8 40. Bc4 Ke7
41. b5 Na8 42. f4 f6 43. Kf3 Bc5 44. Ba5 Nb6 45. Bg8 h6 46. h4 g5 47. fxg5 fxg5
48. hxg5 hxg5 49. Kg4 1-0

[Event "TCh-FRA Top 16 GpA 2023"]
[Site "Chartres FRA"]
[Date "2023.06.04"]
[Round "4.4"]
[Board "7"]
[White "Roos, Jean-Luc"]
[Black "Philippe, Christophe"]
[Result "1/2-1/2"]
[WhiteTitle "IM"]
[BlackTitle "IM"]
[WhiteElo "2184"]
[BlackElo "2347"]
[WhiteTeam "C.E.Strasbourg"]
[BlackTeam "Vandoeuvre Echecs"]
[WhiteFideId "600601"]
[BlackFideId "610038"]
[EventDate "2023.06.01"]

1. Nf3 Nf6 2. d4 e6 3. Bf4 b6 4. e3 Bb7 5. Nbd2 g6 6. h3 Bg7 7. Bd3 O-O 8. O-O
d6 9. e4 h6 10. Qe2 Nc6 11. Ba6 Bxa6 12. Qxa6 Nh5 13. Be3 e5 14. dxe5 Nxe5 15.
Nxe5 dxe5 16. Rad1 Qe7 17. a4 Kh8 18. Rfe1 f5 19. exf5 gxf5 20. Qe2 Qf7 21. f3
Qg6 22. Nc4 Rae8 23. Rd7 Bf6 24. Rxc7 Nf4 25. Bxf4 exf4 26. Qf2 Rxe1+ 27. Qxe1
Re8 28. Qf2 Qg3 29. Qxg3 fxg3 30. Kf1 Rd8 31. Ke2 Re8+ 32. Kd1 Rd8+ 33. Ke2 Re8+
34. Kf1 Rd8 35. Ke1 Re8+ 36. Kd1 Rd8+ 37. Ke1 Re8+ 38. Kf1 Rd8 39. f4 Rd4 1/2-1/2

[Event "TCh-FRA Top 16 GpA 2023"]
[Site "Chartres FRA"]
[Date "2023.06.04"]
[Round "4.4"]
[Board "8"]
[White "Steil-Antoni, Fiona"]
[Black "Olguin, Monica"]
[Result "1-0"]
[WhiteTitle "WIM"]
[WhiteElo "2185"]
[BlackElo "1619"]
[WhiteTeam "Vandoeuvre Echecs"]
[BlackTeam "C.E.Strasbourg"]
[WhiteFideId "4001249"]
[BlackFideId "26032732"]
[EventDate "2023.06.01"]

1. e4 e5 2. Nf3 Nf6 3. Nxe5 d6 4. Nf3 Nxe4 5. Bd3 Nc5 6. Be2 d5 7. d4 Ne4 8. O-O
Bd6 9. c4 dxc4 10. Bxc4 O-O 11. Re1 Nf6 12. Bg5 Bg4 13. Qb3 Nc6 14. Nbd2 Na5 15.
Qd3 Nxc4 16. Nxc4 Be7 17. Re5 Qd7 18. h3 Bxf3 19. Qxf3 b5 20. Na5 Rfe8 21. Nc6
Bd6 22. Bxf6 Bxe5 23. Bxe5 f6 24. Bg3 a6 25. Rc1 Rac8 26. d5 Ra8 27. b4 Qf7 28.
Nd4 Rac8 29. Qf5 g6 30. Qf3 f5 31. Rc6 Qe7 1-0

[Event "TCh-FRA Top 16 GpA 2023"]
[Site "Chartres FRA"]
[Date "2023.06.05"]
[Round "5.1"]
[Board "1"]
[White "Donchenko, Alexander"]
[Black "Ivanchuk, Vasyl"]
[Result "1/2-1/2"]
[WhiteTitle "GM"]
[BlackTitle "GM"]
[WhiteElo "2667"]
[BlackElo "2655"]
[WhiteTeam "Vandoeuvre Echecs"]
[BlackTeam "C'Chartres Echecs"]
[WhiteFideId "24603295"]
[BlackFideId "14100010"]
[EventDate "2023.06.01"]

1. d4 Nf6 2. c4 e6 3. Nf3 d5 4. Nc3 Be7 5. Bf4 O-O 6. a3 dxc4 7. e3 Nd5 8. Bxc4
Nxf4 9. exf4 Bf6 10. Qd2 b6 11. O-O Bb7 12. Qe3 Nc6 13. Rad1 Ne7 14. Ne5 Nd5 15.
Qg3 Nxc3 16. bxc3 Qd6 17. Rfe1 Rad8 18. Nxf7 Kxf7 19. Rxe6 Qxe6 20. Bxe6+ Kxe6
21. Qd3 c5 22. Qxh7 cxd4 23. cxd4 Rxd4 24. Rxd4 Bxd4 25. Qg6+ Ke7 26. h4 Rd8 27.
Qc2 Rd6 28. Qc7+ Rd7 29. Qc4 Kf8 30. Qa4 Ke7 31. Qc4 Kf8 32. Qa4 1/2-1/2

[Event "TCh-FRA Top 16 GpA 2023"]
[Site "Chartres FRA"]
[Date "2023.06.05"]
[Round "5.1"]
[Board "2"]
[White "Kamsky, Gata"]
[Black "Solodovnichenko, Yuri"]
[Result "1/2-1/2"]
[WhiteTitle "GM"]
[BlackTitle "GM"]
[WhiteElo "2659"]
[BlackElo "2503"]
[WhiteTeam "C'Chartres Echecs"]
[BlackTeam "Vandoeuvre Echecs"]
[WhiteFideId "2000024"]
[BlackFideId "14104369"]
[EventDate "2023.06.01"]

1. e4 c5 2. Nf3 d6 3. Bc4 Nf6 4. Nc3 e6 5. O-O Be7 6. a3 O-O 7. Ba2 b5 8. d3 b4
9. axb4 cxb4 10. Na4 Nbd7 11. c3 a5 12. Bb1 Ba6 13. Re1 Qc7 14. d4 e5 15. Nh4 g6
16. Nf3 Rfe8 17. Bd2 exd4 18. cxb4 axb4 19. Bxb4 d5 20. Bxe7 Rxe7 21. Qxd4 dxe4
22. Nc3 Bb7 23. Rxa8+ Bxa8 24. h3 Re8 25. Ng5 Qc5 26. Qxc5 Nxc5 27. b4 h6 28.
Nxf7 Kxf7 29. bxc5 Re5 30. f3 Rxc5 31. Nxe4 Bxe4 32. Bxe4 Nxe4 33. fxe4 Ke6 34.
Kf2 Ke5 35. Kf3 h5 36. Re3 g5 37. Rd3 Ra5 38. Rb3 Rc5 39. Ra3 Rb5 40. Ke3 Rc5
41. Kd3 Rb5 42. Kc4 Rb2 43. Ra5+ Kxe4 44. Rxg5 Rc2+ 45. Kb4 h4 46. Rg4+ Ke3 47.
Kb3 Re2 48. Kc4 Kf2 49. Kd4 Kg1 50. Rxh4 Kxg2 51. Rh8 Kg3 52. h4 Kg4 53. h5 Kg5 1/2-1/2

[Event "TCh-FRA Top 16 GpA 2023"]
[Site "Chartres FRA"]
[Date "2023.06.05"]
[Round "5.1"]
[Board "3"]
[White "Hamitevici, Vladimir"]
[Black "Tiviakov, Sergei"]
[Result "1/2-1/2"]
[WhiteTitle "GM"]
[BlackTitle "GM"]
[WhiteElo "2493"]
[BlackElo "2548"]
[WhiteTeam "Vandoeuvre Echecs"]
[BlackTeam "C'Chartres Echecs"]
[WhiteFideId "13902393"]
[BlackFideId "1008013"]
[EventDate "2023.06.01"]

1. e4 e6 2. f4 d5 3. e5 c5 4. Nf3 Nc6 5. c3 Nh6 6. Na3 Rb8 7. Nc2 b5 8. d4 b4 9.
cxb4 Nxb4 10. dxc5 Bxc5 11. Ncd4 Qb6 12. a3 Bxd4 13. Nxd4 Qxd4 14. axb4 Qxb4+
15. Qd2 a6 16. Qxb4 Rxb4 17. Bd3 O-O 18. Ra2 Nf5 19. Bd2 Rb3 20. Bc2 Rb8 21.
Bxf5 exf5 22. b4 d4 23. Kf2 Bb7 24. Rc1 Rfc8 25. Rac2 Rxc2 26. Rxc2 Be4 27. Rc4
Rd8 28. g3 h5 29. Rc7 Bd3 30. Rc6 Bb5 31. Rd6 Rxd6 32. exd6 f6 33. Bc1 Kf7 34.
Bb2 d3 35. Ke3 Ke6 36. h4 Kxd6 37. Bc3 Kd5 38. Be1 Kc4 39. Bd2 Kb3 40. Be1 Kc2
41. Bd2 Bc4 42. Be1 g6 43. Bd2 g5 44. Be1 gxh4 1/2-1/2

[Event "TCh-FRA Top 16 GpA 2023"]
[Site "Chartres FRA"]
[Date "2023.06.05"]
[Round "5.1"]
[Board "4"]
[White "Lagarde, Maxime"]
[Black "Nezar, Mustapha"]
[Result "1/2-1/2"]
[WhiteTitle "GM"]
[BlackTitle "IM"]
[WhiteElo "2597"]
[BlackElo "2356"]
[WhiteTeam "C'Chartres Echecs"]
[BlackTeam "Vandoeuvre Echecs"]
[WhiteFideId "662399"]
[BlackFideId "608637"]
[EventDate "2023.06.01"]

1. e4 e5 2. Nf3 Nf6 3. Nxe5 d6 4. Nf3 Nxe4 5. d4 d5 6. Bd3 Be7 7. O-O Nc6 8.
Nbd2 Nxd2 9. Bxd2 O-O 10. h3 Nb4 11. Bxb4 Bxb4 12. c4 c6 13. Qc2 g6 14. c5 Ba5
15. Qc1 Qf6 16. Qe3 Be6 17. Ne5 Rae8 18. f4 Qg7 19. Qf2 f6 20. Nf3 Bc8 21. f5 g5
22. g4 Qe7 23. a3 Qe3 24. Rad1 Qxf2+ 25. Kxf2 Kf7 26. h4 h6 27. Rh1 Rh8 28. b4
Bc7 29. b5 Kg7 30. hxg5 hxg5 31. Rxh8 Rxh8 32. Rb1 Bf4 33. bxc6 bxc6 34. Bc2 Ba6
35. Ba4 Rc8 36. Re1 Kf7 37. Re6 Rb8 38. Bxc6 Bc4 39. Ng1 Rh8 40. Nf3 Rb8 41. Ng1
Rh8 42. Nf3 Rb8 1/2-1/2

[Event "TCh-FRA Top 16 GpA 2023"]
[Site "Chartres FRA"]
[Date "2023.06.05"]
[Round "5.1"]
[Board "5"]
[White "Vallee, Louis"]
[Black "Maurizzi, Marc'Andria"]
[Result "0-1"]
[BlackTitle "GM"]
[WhiteElo "2131"]
[BlackElo "2548"]
[WhiteTeam "Vandoeuvre Echecs"]
[BlackTeam "C'Chartres Echecs"]
[WhiteFideId "45103291"]
[BlackFideId "36083534"]
[EventDate "2023.06.01"]

1. d4 Nf6 2. c4 g6 3. Nc3 Bg7 4. e4 d6 5. h3 Nbd7 6. Be3 O-O 7. g4 c5 8. d5 Qa5
9. Qd2 a6 10. a4 b5 11. f3 bxc4 12. Nb1 Qc7 13. Na3 e6 14. dxe6 fxe6 15. Bf4 c3
16. bxc3 Nxe4 17. fxe4 Rxf4 18. Ne2 Ne5 19. O-O-O Rf8 20. Qxd6 Qa5 21. Rg1 c4
22. Nc2 Nd3+ 23. Rxd3 cxd3 24. Qxd3 Bb7 25. Qc4 Qg5+ 26. Kb2 Rab8 27. Ka2 Qd2
28. Nd4 Bxd4 29. Rg2 Qxc3 30. Nxd4 Qxc4+ 31. Bxc4 Bxe4 32. Bxe6+ Kg7 33. Rd2
Rfd8 34. Bb3 Kf6 35. Rf2+ Ke5 36. Ne6 Bb1+ 37. Kxb1 Rxb3+ 38. Ka2 Rdd3 39. Ng5
h6 40. Nf7+ Ke6 41. Nxh6 Rxh3 42. Nf7 Ra3+ 43. Kb2 Rhb3+ 44. Kc2 Ra2+ 45. Kxb3
Rxf2 46. Nd8+ Kd5 47. g5 Rf8 0-1

[Event "TCh-FRA Top 16 GpA 2023"]
[Site "Chartres FRA"]
[Date "2023.06.05"]
[Round "5.1"]
[Board "6"]
[White "Bauer, Christian"]
[Black "Pourquet, Matthieu"]
[Result "1-0"]
[WhiteTitle "GM"]
[WhiteElo "2593"]
[BlackElo "2181"]
[WhiteTeam "C'Chartres Echecs"]
[BlackTeam "Vandoeuvre Echecs"]
[WhiteFideId "603767"]
[BlackFideId "20654642"]
[EventDate "2023.06.01"]

1. e4 c5 2. Nf3 e6 3. d4 cxd4 4. Nxd4 Nc6 5. Nc3 Qc7 6. Be3 a6 7. Qf3 Ne5 8. Qg3
Bd6 9. f4 Ng6 10. e5 Bb4 11. O-O-O Bxc3 12. bxc3 N8e7 13. Kb2 b5 14. Bd3 Nd5 15.
Bd2 Bb7 16. Rhf1 O-O-O 17. Rde1 Nb6 18. f5 Ne7 19. fxe6 fxe6 20. Rf7 Rhe8 21.
Ka1 Ned5 22. Bxh7 Na4 23. Ne2 Ndb6 24. Bd3 Bd5 25. Qf2 Kb8 26. Rxg7 Nc4 27. Bxc4
Qxc4 28. Nc1 Nxc3 29. Qb6+ Bb7 30. Nb3 Nd5 31. Qd6+ Ka8 32. Rxd7 Rxd7 33. Qxd7
Bc6 34. Qd6 Rc8 35. Qxe6 Bb7 36. Qf7 Qg4 37. Qf3 Qa4 38. Qd3 b4 39. e6 Nc3 40.
Bxc3 bxc3 41. Qd7 1-0

[Event "TCh-FRA Top 16 GpA 2023"]
[Site "Chartres FRA"]
[Date "2023.06.05"]
[Round "5.1"]
[Board "7"]
[White "Adrian, Claude"]
[Black "Stephan, Victor"]
[Result "0-1"]
[WhiteTitle "IM"]
[BlackTitle "IM"]
[WhiteElo "2168"]
[BlackElo "2386"]
[WhiteTeam "Vandoeuvre Echecs"]
[BlackTeam "C'Chartres Echecs"]
[WhiteFideId "601071"]
[BlackFideId "656666"]
[EventDate "2023.06.01"]

1. c4 e6 2. Nc3 d5 3. d4 Nf6 4. Nf3 Be7 5. cxd5 exd5 6. Bf4 c6 7. h3 Bf5 8. g4
Be4 9. Nxe4 dxe4 10. Nd2 Qxd4 11. e3 Qd7 12. Qb3 O-O 13. O-O-O Qc8 14. g5 Nd5
15. Nxe4 a5 16. Bd3 a4 17. Qc2 a3 18. b3 Na6 19. Qe2 Nab4 20. Bb1 Qe6 21. Rd2 f5
22. gxf6 Bxf6 23. Nxf6+ Qxf6 24. Qh5 g6 25. Rg1 Qc3+ 26. Kd1 Qa1 27. Kc1 Ra5 28.
Be5 Rc5+ 29. Kd1 Qxb1+ 0-1